000 002790000a22000970004500
100 1 _aKohl, Manfred Waldermar
245 1 0 _aCurrent trends in theological education
300 _aNo. 1 (February, 2001), Páginas 26-40
773 0 _tInternational congregational journal
942 _cANA
999 _c59627
_d59627